Państwa z Najmniejszymi Nierównościami Ekonomicznymi - Statystyki

Ogólne statystyki
  • Ten quiz został rozwiązany 15 razy
  • Średni wynik to 5 z 10
Statystyki odpowiedzi
Lp. Gini Odpowiedź % Poprawnych
9 0,26 Czechy
86%
8 0,26 Islandia
79%
1 0,24 Słowacja
79%
2 0,24 Słowenia
71%
6 0,26 Holandia
57%
3 0,24 Białoruś
50%
5 0,26 Mołdawia
43%
4 0,26 Ukraina
36%
7 0,26 ZEA
29%
10 0,27 Azerbejdżan
14%
Nie znaleziono quizów pasujących do podanych kryteriów
Rozkład punktacji
Procent ludzi z każdym wynikiem
Percentyl według liczby udzielonych odpowiedzi
Twoja historia wyników
Nie rozwiązałeś tego quizu